1307 1501 1336 1420 1461 1957 1987 1342 1560 1712 1775 1409 1234 1676 1025 1658 1843 1769 1301 1746 1990 1709 1887 1410 1648 1741 1080 1403 1201 1349 1453 1560 1165 1475 1518 1228 1923 1483 1988 1256 1015 1057 1146 1411 1539 1575 1766 1288 1464 1397 1984 1489 1563 1717 1866 1184 1969 1978 1703 1462 1148 1234 1171 1846 1286 1616 1869 1177 1076 1981 1866 1824 1408 1949 1190 1353 1447 1253 1110 1253 1341 1668 1975 1641 1738 1994 1787 1437 1620 1306 1797 1149 1246 1863 1501 1755 1986 1052 1266 BCNSPRNW ULIB Ver.6.0+V

เปลี่ยนเป็นภาษาไทย

Change to English
 แสดงรายละเอียดบรรณานุกรม
  กลับหน้าหลัก

Brief Record : Get Marc (ISO 2709) : E-mail record : QR code < ปิดหน้าต่าง
LEADER : 00000nam 2200000uu 4500
001    13399122477
003     ULIB
008    130704s2555||||th 000 0 tha d
099    ^aวจ.WY18.5^bศ291ป
100 0  ^aศศิธร ชิดนายี, อนัญญา คูอาริยกุล และ สุภาเพ็ญ ปาณะวัฒนพิสุทธิ์
245 00 ^aการศึกษารูปแบบการเตรียมความพร้อมในการสอบขึ้นทะเบียนรับใบอนุญาตประกอบวิชาชีพการพยาบาลและการผดุงครรภ์ของวิทยาลัยเครือข่ายภาคเหนือ/^cศศิธร ชิดนายีอนัญญา คูอาริยกุล และ สุภาเพ็ญ ปาณะวัฒนพิสุทธิ์
260    ^aอุตรดิตถ์ :^bวิทยาลัยพยาบาลบรมราชชนนี อุตรดิตถ์,^c2555
300    ^a104 หน้า :^bตาราง
500    ^aรายงานการวิจัย
650  7 ^aการสอบใบอนญาต^xวิจัย
650  7 ^aวิชาชีพการพยาบาล^xวิจัย
710 1  ^aวิทยาลัยพยาบาลเครือข่ายภาคเหนือ
945    ^p0^l0^i033716
999    ^aเกษร โพธิ์สุวรรณ
รายการนี้ยังไม่มีแท็ก
คุณยังไม่ได้ล็อกอิน คุณสามารถมีกิจกรรมร่วมกับเว็บไซต์ได้ แต่ต้องล็อกอินก่อน ::
  ล็อกอิน

รายการสื่อสารสนเทศ

ลำดับที่ ประเภท เลขเรียก/บาร์โค้ด สถานที่ สถานะ
1. งานวิจัย
งานวิจัย
วจ.WY18.5 ศ291ป  
  Barcode: 033716
ห้องสมุดวิทยาเขตสวรรค์ประชารักษ์
►วิจัย
บนชั้น

BibComment


ยังไม่เคยถูกคอมเมนท์

คอมเมนท์ทรัพยากรรายการนี้
  คอมเมนท์: การศึกษารูปแบบกา..


 Copyright 2026. Bcnsprnw @Library